2015 NBA Draft 1st Round - Statistics

General Stats
  • This quiz has been taken 2,108 times
  • The average score is 9 of 30
Answer Stats
Hint Answer % Correct
1. Minnesota Karl-Anthony Towns, Kentucky
97%
2. Los Angeles D'Angelo Russell, Ohio State
85%
3. Philadelphia Jahlil Okafor, Duke
75%
4. New York Kristaps Porzingis, Spain
73%
13. Phoenix Devin Booker, Kentucky
50%
10. Miami Justise Winslow, Duke
45%
7. Denver Emmanuel Mudiay, Texas/China
44%
8. Detroit Stanley Johnson, Arizona
43%
5. Orlando Mario Hezonja, Spain
42%
11. Indiana Myles Turner, Texas
41%
6. Sacramento Willie Trill Cauley-Stein, Kentucky
36%
9. Charlotte Frank Kaminsky, Wisconsin
32%
14. Oklahoma City Cameron Payne, Murray State
31%
12. Utah Trey Lyles, Kentucky
25%
15. Atlanta (from Brooklyn, traded to Washington) Kelly Oubre, Jr., Kansas
22%
30. Golden State Kevon Looney, UCLA
22%
16. Boston Terry Rozier, Louisville
21%
24. Cleveland (traded to Minnesota) Tyus Jones, Duke
19%
22. Chicago Bobby Portis, Arkansas
15%
18. Houston (from New Orleans) Sam Dekker, Wisconsin
15%
21. Dallas Justin Anderson, Virginia
13%
19. Washington (traded to New York via Atlanta) Jerian Grant, Notre Dame
12%
17. Milwaukee Bucks Rashad Vaughn, UNLV
12%
27. Los Angeles Larry Nance, Jr., Wyoming
11%
28. Boston R.J. Hunter, Georgia State
11%
23. Portland (traded to Brooklyn) Rondae Hollis-Jefferson, Arizona
11%
20. Toronto Delon Wright, Utah
9%
25. Memphis Jarell Martin, LSU
6%
29. Brooklyn (from Atlanta) Chris McCullough, Syracuse
4%
26. San Antonio Nikola Milutinov, Serbia
3%
No matching quizzes found
Score Distribution
Percent of People with Each Score
Percentile by Number Answered
Your Score History
You have not taken this quiz